000 00635nam a2200205Ia 4500
003 OSt
005 20260518112821.0
008 210719s1995 xx 000 0 und d
040 _cAL
041 _aKonkani
082 _a491.463 SALK
100 _aSALDAN (Anton A)
_dಸಲ್ಡಾನ್ (ಆಂತೊನ್ ಎ)
_9264036
245 _aKonkni shabdh kosh
_bಕೊಂಕ್ಣಿ ಸಬ್ದ್ ಕೋಶ್
260 _aMangalur
_bAdarsh Printing Press.,
_c1995
300 _avii,110
_bPB
650 _aKonkani Dictionary
_9264037
650 _aKonkani Language
_9264038
906 _aKonkni ; kosh ; shabdh
942 _2ddc
_cBK
999 _c214533
_d214533